Introducción a la econometría (Registro nro. 4914)
[ vista simple ]
| 000 -LEADER | |
|---|---|
| fixed length control field | 02186 a2200301 4500 |
| 001 - CONTROL NUMBER | |
| control field | 49900 |
| 005 - DATE AND TIME OF LATEST TRANSACTION | |
| control field | 20260407155759.0 |
| 008 - FIXED-LENGTH DATA ELEMENTS--GENERAL INFORMATION | |
| fixed length control field | 260407a2006 arg spa d |
| 003 - CONTROL NUMBER IDENTIFIER | |
| control field | AR-UNSa-BCEJYS |
| 040 ## - CATALOGING SOURCE | |
| Original cataloging agency | AR-UNSa-BCEJYS |
| Language of cataloging | spa |
| Transcribing agency | AR-UNSa-BCEJYS |
| 080 ## - UNIVERSAL DECIMAL CLASSIFICATION NUMBER | |
| Universal Decimal Classification number | 330.43 |
| Common auxiliary subdivision | Econometría |
| 020 ## - INTERNATIONAL STANDARD BOOK NUMBER | |
| International Standard Book Number | 84-9732-268-1 |
| 041 ## - LANGUAGE CODE | |
| Language code of text/sound track or separate title | spa |
| 100 1# - MAIN ENTRY--PERSONAL NAME | |
| Personal name | Wooldridge, Jeffrey M. |
| 245 10 - TITLE STATEMENT | |
| Title | Introducción a la econometría |
| Name of part/section of a work | un enfoque moderno |
| 250 ## - EDITION STATEMENT | |
| Edition statement | 2a. ed. |
| 264 #1 - PRODUCTION, PUBLICATION, DISTRIBUTION, MANUFACTURE, AND COPYRIGHT NOTICE | |
| Place of production, publication, distribution, manufacture | Madrid : |
| Name of producer, publisher, distributor, manufacturer | Thomson |
| Date of production, publication, distribution, manufacture, or copyright notice | 2006 |
| 300 ## - PHYSICAL DESCRIPTION | |
| Extent | xxxi, 960 p. |
| Dimensions | 26 cm. |
| 505 ## - FORMATTED CONTENTS NOTE | |
| Formatted contents note | 1. La naturaleza de la econometría y los datos econométricos – 2. El modelo del regreso simple – 3. Análisis de la regresión múltiple: estimación – 4. Análisis de la regresión múltiple: inferencia – 5. Análisis de regresión múltiple. Propiedades asintóticas del estimador MCO – 6. Análisis de la regresión múltiple: cuestiones adicionales – 7. Análisis de la regresión múltiple con información cualitativa: variables binarias (o ficticias) - 8. Heretoscedasticidad – 9. Otras cuestiones sobre problemas de especificación y de datos – 10. Análisis de regresión básico con datos de series temporales – 11. Otras cuestiones sobre el uso del estimador MCO con datos de series temporales – 12. Autocorrelación y Heretoscedasticidad en regresiones de series temporales – 13. Secciones cruzadas fusionadas en el tiempo de métodos simples de datos de panel – 14. Métodos avanzados para datos de panel - 15. Estimación por variables instrumentales y mínimos cuadrados en dos etapas – 16. Modelos de ecuaciones simultáneas – 17. Modelos de variables dependientes limitadas y correcciones en la selección muestral – 18. Temas avanzados en series temporales – 19. Como llevar a cabo un trabajo empírico. |
| 590 ## - LOCAL NOTE (RLIN) | |
| Local note | niveau_biblio:m niveau_hierar:0 |
| 700 1# - ADDED ENTRY--PERSONAL NAME | |
| Personal name | Beyaert Stevens, Arielle |
| 700 1# - ADDED ENTRY--PERSONAL NAME | |
| Personal name | Camacho Alonso, Máximo C. |
| 700 1# - ADDED ENTRY--PERSONAL NAME | |
| Personal name | Quesada Medina, Alfonso J. |
| 700 1# - ADDED ENTRY--PERSONAL NAME | |
| Personal name | Sancho Portero, F. Israel |
| 700 1# - ADDED ENTRY--PERSONAL NAME | |
| Personal name | García Beyaert, Sofía |
| 856 41 - ELECTRONIC LOCATION AND ACCESS | |
| Uniform Resource Identifier | <a href="https://www.biblioeco.unsa.edu.ar/pmb/images/libros/L128232.jpg">https://www.biblioeco.unsa.edu.ar/pmb/images/libros/L128232.jpg</a> |
| Link text | Imagen de portada |
| Electronic format type | image/jpeg |
| 942 ## - ADDED ENTRY ELEMENTS (KOHA) | |
| Koha item type | |
| Withdrawn status | Lost status | Damaged status | Not for loan | Home library | Current library | Shelving location | Date acquired | Total checkouts | Full call number | Barcode | Date last seen | Price effective from | Koha item type | Public note |
|---|---|---|---|---|---|---|---|---|---|---|---|---|---|---|
| Biblioteca Prof. Eusebio Cleto del Rey | Biblioteca Prof. Eusebio Cleto del Rey | 07/04/2026 | 330.43 W913 2ed. | L128232 | 07/04/2026 | 07/04/2026 | Libro | |||||||
| Biblioteca Prof. Eusebio Cleto del Rey | Biblioteca Prof. Eusebio Cleto del Rey | 07/04/2026 | 330.43 W913 2ed. | L128278 | 07/04/2026 | 07/04/2026 | Libro | SUBRAYADO CON LÁPIZ Y LAPICERA - CANTO SUPERIOR MANCHADO Y LATERAL - PÀGINAS DOBLADAS DESDE 265 A 278 |